| 000 | 00857nam a22002177a 4500 | ||
|---|---|---|---|
| 999 |
_c20137 _d20137 |
||
| 003 | AR-CdUCM | ||
| 008 | 190527b ||||| |||| 00| 0 spa d | ||
| 020 | _a968-24-3760-1 | ||
| 040 |
_aMUNICIPALIDAD PROVINCIAL DEL CUSCO _cBIBLIOTECA MUNICIPAL DEL CUSCO |
||
| 082 |
_a330 / _bR49 |
||
| 100 |
_aRhoads, Steven E. _942113 |
||
| 245 |
_aVisión económica del mundo : _bGobierno, mercados y política pública / |
||
| 260 |
_aMéxico, D. F. : _bTrillas, _c1990. |
||
| 300 |
_a361 páginas ; _c24 cm. |
||
| 505 | _aContenido: Costo de oportunidad -- Marginalismo --Incentivos económicos -- El gobierno y la economía... | ||
| 650 |
_aEconomía del mundo _942114 |
||
| 650 |
_aLimites de la economía _942115 |
||
| 700 |
_aMendoza Sierra, Jorge (traductor), Villalobos R., José María (revisión técnica) _942116 |
||
| 942 |
_2ddc _cLIBROS |
||
| 945 | _aAndy | ||